00533nas a2200217 4500000000100000008004100001260001300042653001200055653002600067653002900093653002400122653002300146653001700169653001100186653002300197653001200220245005200232300001000284490000700294022001400301 1979 d c1979 Jun10aAnimals10aAntibodies, Bacterial10aAntigen-Antibody Complex10aAntigens, Bacterial10aBacterial Vaccines10aHLA Antigens10aHumans10aImmunity, Cellular10aleprosy00aCommittee 3: workshop on immunology of leprosy. a295-60 v47 a0148-916X